Quiz des lieux de yo-kai watch - Statistiques

Statistiques générales
  • Ce quiz a été pris 41 fois
  • Le résultat moyen est 14 sur 33
Statistiques - réponses
Hint Réponse % Correct
Lieu de Granval Coteau Fleuri
90%
Lieu de Granval Centre-ville de Granval
87%
Lieu de Granval Quartier des boutiques
87%
Lieu de Granval La Corniche
83%
Lieu de Granval Ourcival
83%
Lieu de Granval Hauts de Granval
77%
Lieu de Granval San Fantastico
77%
Lieu de Granval Tour Excellence
70%
Lieu des USA Cajoun
63%
Lieu des USA Betel
53%
Lieu des USA Cawet
53%
Lieu de Granval Électropolis
50%
Lieu du Yo-kai World Gera gera land
50%
Lieu du Yo-kai World Yo-kai World
50%
Lieu du Yo-kai World New-Yorkai
47%
Lieu de Granval du passê Vieux Granval
43%
Lieu des USA Manoir des Cardamom
40%
Lieu du Yo-kai World Limbes éternelles
37%
Lieu de Granval Verteplaines
37%
Lieu de Granval du passé Vieil Ourcival
33%
Lieu de Granval du passé Plaines Plinpot
30%
Lieu du Yo-kai World Val Vorace
30%
Lieu des USA Dukeville
27%
Lieu des USA Ferme des blés
27%
Lieu du Yo-kai World Bellesources
20%
Lieu des USA Forêt de Mortebranche
20%
Lieu du Yo-kai World Continent Permu
17%
Lieu du Yo-kai World Pavillon de l'ambroisie
17%
Lieu du Yo-kai World Sanctuaire Divin
17%
Lieu des USA Grotte du Grincheux
13%
Lieu du Yo-kai World Siège yopple
10%
Lieu du Yo-kai World Brise boucle
3%
Lieu du Yo-kai World Hell's Kitchen
3%
Aucun quiz correspondant
Distribution des résultats
% des personnes avec chaque résultat
Percentile par nombre de réponses
Votre historique - résultats
Vous n’avez pas pris ce quiz